000 00637nam a2200217 i 4500
001 63545
003 ES-MaACL
005 20230906164914.0
007 t|
008 031211m19671968sp ||||1| cat d
100 1 _aFerret, Antoni (
_d1935-)
_950560
245 1 0 _aCompendi d'història de Catalunya
_b: [siglos IX-XIX] /
_cAntoni Ferret.
250 _a[1ª ed.].
260 _aBarcelona :
_bBruguera,
_c[1967-1968]
300 _a4 v. ;
_c18 cm.
490 1 _aQuaderns de Cultura
651 4 _aCataluña-
_xHistoria.
_98013
830 0 _aQuaderns de Cultura
_9181826
852 _aES-MaACL
_jP-1219
_bR.63433
999 _c63545
_d63545